|
|
|
|
| LEADER |
00756nam a22002177a 4500 |
| 001 |
AAL6547 |
| 003 |
BD-DhAAL |
| 005 |
20160421124223.0 |
| 008 |
160421s 2005bg ||||| |||| 00| 0 eng d |
| 040 |
|
|
|a BD-DhAAL
|c BD-DhAAL
|
| 082 |
|
|
|a 305.5/234
|
| 245 |
|
|
|a One hundred global billionaires /
|
| 260 |
|
|
|a Dhaka :
|b Dawn communication and printing,
|c 2005
|
| 300 |
|
|
|a 254 p. :
|b ill. ;
|c 22 cm.
|
| 541 |
|
|
|e 6547
|
| 650 |
|
|
|a Wealth
|x Political aspects.
|9 19190
|
| 650 |
|
|
|a Rich people
|x Political activity.
|9 19191
|
| 852 |
|
|
|a Savar Campus Library
|c General Shelf
|
| 942 |
|
|
|2 ddc
|c BK
|
| 999 |
|
|
|c 37461
|d 37461
|
| 952 |
|
|
|0 0
|1 0
|2 ddc
|4 0
|6 305_500000000000000_234_ONE
|7 0
|9 58818
|a SCL
|b SCL
|c GEN
|d 2016-04-21
|l 0
|o 305.5234 ONE
|p 3020006547
|r 2016-04-21
|t 1
|w 2016-04-21
|y BK
|